| 000 | 00520nam a2200193Ia 4500 | ||
|---|---|---|---|
| 005 | 20250326141819.0 | ||
| 008 | 250326s9999 xx 000 0 und d | ||
| 037 | _aTextbook | ||
| 040 |
_aFMSL _beng _cFMSL |
||
| 041 |
_aeng _2eng |
||
| 084 |
_aX:75 M8 _qFMSL |
||
| 100 | _aMisra S K | ||
| 245 | 0 |
_aDevelopment and planning : theory and practice _cMisra S K; Puri V K |
|
| 250 | _a3 | ||
| 260 |
_aBombay _bBombay, Himalya _c1988 |
||
| 300 | _a924p | ||
| 942 |
_cTB _hX:75 M8 |
||
| 999 |
_c1292104 _d1292104 |
||